Statistics for Frozen 2 show yourself

Click here to take the quiz!

General Stats

  • This quiz has been taken 258 times
  • The average score is 231 of 282

Answer Stats

Answer% Correct
I
98%
show
97%
you
97%
a
96%
your
96%
yourself
96%
yourself
95%
no
94%
me
92%
the
92%
to
92%
be
91%
but
91%
of
91%
are
90%
been
90%
cold
90%
is
89%
my
89%
so
89%
every
88%
for
88%
from
88%
i'm
88%
I'm
88%
inch
88%
I've
88%
i've
88%
not
88%
trembling
88%
am
87%
it
86%
one
86%
there
86%
all
85%
always
85%
can
85%
life
85%
something
85%
don't
84%
have
84%
come
82%
like
82%
quite
82%
familiar
81%
hold
81%
known
81%
meet
81%
reach
81%
sense
81%
wait
81%
friend
80%
here
80%
hide
80%
home
80%
ready
79%
deep
78%
dream
78%
looking
78%
ah
77%
it's
77%
longer
77%
and
76%
fortress
76%
inside
76%
learn
76%
secrets
76%
apply
75%
dying
75%
far
75%
feels
75%
reason
75%
too
75%
turn
75%
different
74%
could
73%
did
73%
rules
73%
born
72%
normal
72%
oh
72%
sea
72%
this
72%
was
72%
torn
71%
way
71%
never
70%
arriving
68%
day
68%
find
68%
make
68%
more
68%
why
68%
certain
67%
now
67%
felt
66%
moment
66%
open
66%
out
66%
finally
65%
there's
65%
where
65%
door
64%
who
64%
darling
62%
full
62%
meets
62%
river
62%
see
62%
found
61%
memory
60%
north
60%
waiting
60%
answer
58%
wind
58%
into
57%
waited
57%
let
55%
power
50%
step
50%
new
49%
you've
46%
bound
43%
throw
25%
homewards
15%

Score Distribution

Percentile by Number Answered

Percent of People with Each Score

Your Score History

You have not taken this quiz